01010nam a22002417a 45000010005000000030006000050050017000110080041000280200018000690400029000870820011001161000019001272450133001462500041002792600030003203000045003505050007003955200285004025210019006875210018007066500024007246500020007485359FISKH20250507115235.0241128b cb ||||| |||| 00| 0 eng d a9780746060506 aFISKHbengcFISKHdFISKH a823.92 aAmery, Heather aScarecrow's secret /cHeather Amery Illustrated by Stephen Cartwright Language consultant: Betty Root Series editor: Jenny Tyler aThis edition first published in 2004 aLondon :bUsborne,c2004. a15 pages :bColor illustrations ;c21 cm aJ  a-- Each page has two reading levels, one for beginners and one for more advanced readers-- Beginners can use the first reading level to achieve the satisfaction of reading the whole book by themselves-- Stephen Cartwright's illustrations give clues to the words and their meanings8 a450L bLexile 8 aJ bRaz-Plus  2ScarecrowsaSeasons 2AutumnaFriends